| 000 | 00354nam a22001337a 4500 | ||
|---|---|---|---|
| 999 |
_c60623 _d60623 |
||
| 005 | 20230922152739.0 | ||
| 008 | 230922s1969 enk||||| |||| 00| 0 eng d | ||
| 080 | _a913.3 B-56 | ||
| 100 |
_aBibby, Geoffrey _919898 |
||
| 245 |
_aLooking for Dilmun / _cGeoffrey Bibby. |
||
| 264 |
_aNew York, _c1969. |
||
| 300 |
_a366 p. : _bill.; _c18 cm. |
||
| 942 |
_2udc _cBK |
||